El divorcio: informe elaborado a petición del Ministerio de Justicia, acerca de la conveniencia y contenido de una futura ley de divorcio vincular

Wedi'i Gadw mewn:
Manylion Llyfryddiaeth
Fformat: Llyfr
Iaith:Sbaeneg
Cyhoeddwyd: Santiago, Chile Instituto de Docencia e Investigación Jurídicas 1973
Cyfres:Documentos
Pynciau:
Tagiau: Ychwanegu Tag
Dim Tagiau, Byddwch y cyntaf i dagio'r cofnod hwn!

MARC

LEADER 00000nam a2200000 a 4500
001 UCS1205
003 CL-VaPUC
005 20240401121835.0
008 970509e19730000CL |||||||||||||||||spa|d
999 |c 259306  |d 259304 
040 |c Pontificia Universidad Católica de Valparaíso 
082 0 4 |a 346.83016 DIV 1973  |2 21 
245 1 3 |a El divorcio: informe elaborado a petición del Ministerio de Justicia, acerca de la conveniencia y contenido de una futura ley de divorcio vincular 
260 0 3 |a Santiago, Chile  |b Instituto de Docencia e Investigación Jurídicas  |c 1973 
300 |a 141 páginas 
490 0 |a Documentos 
583 |a last modification  |c 19970509 00:00:00  |k Rodrigo Vera 
650 0 |a Derecho civil  |9 255013  |x Acción civil  |z Chile 
650 0 |a Derecho privado  |9 258243  |x Tribunales 
650 0 |a Familias   |x Divorcio  |9 255641 
650 0 |a Regímenes matrimoniales  |9 357525  |x Deberes conyugales  |x Sociedad conyugal  
650 7 |a Nulidad del matrimonio  |2 CL-VaPUC  |9 385460  |x Bienes gananciales 
942 |c BK  |2 ddc 
945 |d 19970509 00:00:00  |a cmena 
952 |0 0  |1 0  |2 ddc  |4 0  |6 346_830160000000000_DIV_1973  |7 0  |8 A  |9 283960  |a BIBDER  |b BIBDER  |d 2019-11-19  |i 184931K  |o 346.83016 DIV 1973  |p 184931K  |r 2023-01-25  |t 1  |w 2019-11-19  |y BK  |k DER